Central Library OPAC University of Rajshahi

Readings in microeconomics : (Record no. 42787)

MARC details
000 -LEADER
fixed length control field 01007nam a2200301 a 4500
001 - CONTROL NUMBER
control field 42787
003 - CONTROL NUMBER IDENTIFIER
rucl marc code BD-RjUL
005 - DATE AND TIME OF LATEST TRANSACTION
control field 20211209053607.0
008 - FIXED-LENGTH DATA ELEMENTS--GENERAL INFORMATION
fixed length control field 160615s1992 my a|||| |||| 001 0 eng d
020 ## - INTERNATIONAL STANDARD BOOK NUMBER
International Standard Book Number 9679767310
035 ## - SYSTEM CONTROL NUMBER
System control number (BD-RjUL) 42905
040 ## - CATALOGING SOURCE
Original cataloging agency BD-RjUL
Language of cataloging eng
Transcribing agency BD-RjUL
041 ## - LANGUAGE CODE
Language code of text/sound track or separate title eng
082 ## - DEWEY DECIMAL CLASSIFICATION NUMBER
Edition number 23
Classification number 297.19785
Author mark and year REA 1992
245 00 - TITLE STATEMENT
Title Readings in microeconomics :
Remainder of title an Islamic perspective /
Statement of responsibility, etc. edited by Sayyid Tahir, Aidit Ghazali, Syed Omar Syed Agil
260 ## - PUBLICATION, DISTRIBUTION, ETC. (IMPRINT)
Place of publication, distribution, etc. Petaling Jaya :
Name of publisher, distributor, etc. Longman Malaysia,
Date of publication, distribution, etc. 1992
300 ## - PHYSICAL DESCRIPTION
Pagination xiii, 298 p. :
Illustrations ill. ;
Size 22 cm.
490 ## - SERIES STATEMENT
Series statement Issues in Islamic economics.
500 ## - GENERAL NOTE
General note Includes index
650 ## - SUBJECT ADDED ENTRY--TOPICAL TERM
Topical term or geographic name as entry element Islam
General subdivision Economic aspects
9 (RLIN) 117610
Topical term or geographic name as entry element Microeconomics
General subdivision Islam
9 (RLIN) 131493
Topical term or geographic name as entry element Economics
General subdivision Religious aspects
-- Islam
9 (RLIN) 117609
700 ## - ADDED ENTRY--PERSONAL NAME
Personal name Tahir, Sayyid
Personal name Ghazali, Aidit
Personal name Agil, Syed Omar Syed
830 ## - SERIES ADDED ENTRY--UNIFORM TITLE
Uniform title Issues in Islamic economics.
942 ## - ADDED ENTRY ELEMENTS (KOHA)
Source of classification or shelving scheme Dewey Decimal Classification
Koha item type Books
Holdings
Lost status Source of classification or shelving scheme Damaged status Not for loan Collection code Permanent Location Current Location Shelving location Date acquired Total Checkouts Full call number Date last seen Copy number Koha item type
  Dewey Decimal Classification     Non-fiction Central Library, University of Rajshahi Central Library, University of Rajshahi   23/07/1995   297.19785 REA 1992 15/06/2016 C-2 Books
  Dewey Decimal Classification     Non-fiction Central Library, University of Rajshahi Central Library, University of Rajshahi   23/07/1995   297.19785 REA 1992 15/06/2016 C-3 Books
  Dewey Decimal Classification   Not For Loan Non-fiction Central Library, University of Rajshahi Central Library, University of Rajshahi Reading Room 23/07/1995   297.19785 REA 1992 17/12/2016 C-1 Books